000 00786nam a2200181 i 4500
001 bg
245 0 _aNiekonwencjonalne nawozy w rolnictwie /
_c[kom. red. Satutnin Zawadzki (przewodniczący)].
260 _aWarszawa :
_bKomitet Gleboznawstwa i Chemii Rolnej PAN,
_c1993.
300 _a279 s. :
_brys., wykr. ;
_c24 cm.
490 1 _aZeszyty Problemowe Postępów Nauk Rolniczych / Polska Akademia Nauk. Wydział Nauk Rolniczych i Leśnych,
_x0084-5477 ;
_vz. 409
710 _aPOLSKA AKADEMIA NAUK. Wydział Nauk Rolniczych i Leśnych
830 0 _aZeszyty Problemowe Postępów Nauk Rolniczych (Polska Akademia Nauk. Wydział Nauk Rolniczych i Leśnych) ;
_vz. 409
040 _cBPK
041 _apol
080 _a631.8
942 _cKS
008 s pl f |000 0 pol
999 _c29952
_d29952
856 _uhttp://koha.tu.koszalin.pl/cgi-bin/koha/opac-detail.pl?biblionumber=29952
_yKatalog online BPK